Froggy goes to camp / by Jonathan London ; illustrated by Frank Remkiewicz.
Froggy goes to a sleep-away camp, where all of his fun seems to cause trouble for the camp's director.
Record details
- ISBN: 9780142416044
- ISBN: 0142416045
- Physical Description: 1 v. (unpaged) : color illustrations ; 18 x 23 cm.
- Publisher: New York : Puffin Books, 2010, c2008.
Content descriptions
| General Note: | Originally published: New York : Viking, 2008. |
Search for related items by subject
| Subject: | Frogs > Fiction. Animals > Fiction. Camps > Fiction. Summer camps > Fiction. |
| LDR | 01086cam a2200301Ia 4500 | ||
|---|---|---|---|
| 001 | 133086 | ||
| 003 | CONS | ||
| 005 | 20140703073307.0 | ||
| 008 | 110113t20102008nyua j 000 1 eng d | ||
| 020 | . | ‡a9780142416044 | |
| 020 | . | ‡a0142416045 | |
| 035 | . | ‡a(CPomAG)LMN504963 | |
| 050 | 1 | 4. | ‡aPZ7.L8432 ‡bFrd 2010 |
| 082 | 0 | 4. | ‡a[E] ‡222 |
| 082 | 1 | 4. | ‡a[E] ‡214 |
| 100 | 1 | . | ‡aLondon, Jonathan, ‡d1947- |
| 245 | 1 | 0. | ‡aFroggy goes to camp / ‡cby Jonathan London ; illustrated by Frank Remkiewicz. |
| 260 | . | ‡aNew York : ‡bPuffin Books, ‡c2010, c2008. | |
| 300 | . | ‡a1 v. (unpaged) : ‡bcolor illustrations ; ‡c18 x 23 cm. | |
| 500 | . | ‡aOriginally published: New York : Viking, 2008. | |
| 520 | . | ‡aFroggy goes to a sleep-away camp, where all of his fun seems to cause trouble for the camp's director. | |
| 650 | 1. | ‡aFrogs ‡vFiction. | |
| 650 | 1. | ‡aAnimals ‡vFiction. | |
| 650 | 1. | ‡aCamps ‡vFiction. | |
| 650 | 1. | ‡aSummer camps ‡vFiction. | |
| 700 | 1 | . | ‡aRemkiewicz, Frank. |
| 959 | . | ‡i32269000872724 ‡lE Lon ‡aJuvenile - Easy ‡tEasy ‡g17.50 | |
| 852 | . | ‡p32269000872724 ‡jE Lon ‡gJuvenile - Easy ‡cEasy ‡y17.50 ‡bSBPL | |
| 901 | . | ‡a133086 ‡bUnknown ‡c133086 ‡tbiblio | |